000 00570nam a2200181Ia 4500
003 IN-BaIIA
008 211028s9999 xx 000 0 eng d
020 _a0-590-07437-7
040 _cIIA Library
080 _a52-37
_bGAL
100 _aGallant, Roy A
_910974
245 0 _aBeyond earth
_bthe search for extraterrestrial life
_cRoy A Gallant
260 _aNew York
_bFour Winds Press
_c1977
300 _axvi, 191p.
650 _aAstronomy and astrophysics thesaurus
650 _aExtraterrestrial life
_94250
942 _cBK
999 _c6395
_d6395